| 000 | 00717nam a2200169Ia 4500 | ||
|---|---|---|---|
| 008 | 090711s9999 xx 000 0 und d | ||
| 082 | _b98 | ||
| 100 | _aआSारेकर आबासाहेब | ||
| 245 | _aपठ्ठे बापूराव - पवळा हिवरगावकर | ||
| 260 |
_bजीवन दर्शन प्रकाशन _c2000 |
||
| 300 | _a160 | ||
| 600 | _aआSारेकर आबासाहेब | ||
| 630 | _aपठ्ठे बापूराव - पवळा हिवरगावकर | ||
| 700 | _aआSारेकर आबासाहेब | ||
| 730 | _aपठ्ठे बापूराव - पवळा हिवरगावकर | ||
| 942 | _cBOOK | ||
| 999 |
_c337291 _d337291 |
||